• 首页
  • 本馆介绍
  • 公告通知
  • 最新文献
  • 馆藏检索
  • 电子资源
  • 读者导购
  • 参考咨询
  • 我的图书馆
  • 登录
  • 详细信息显示
  • 放入我的书架
  • 预约/预借图书
  • 作者相关作品
  • 分类相关作品
  • 丛书相关作品
  • 出版社相关作品

书目信息

  • 表格格式
  • 工作单格式
  • 卡片格式
题名:
档案修裱技术
    
 
作者: ;国家档案局 组织
分册:  
出版信息: 北京   中国文史出版社  2015.08
页数: 154页
开本: 20cm
丛书名:
单 册:
中图分类: G272.4
科图分类:
主题词: 档案学 , 档案工作
电子资源:
ISBN: 7-5034-6665-0
000 00653nam0 2200229 450
001 2944
005 20161207085700.34
010    @a7-5034-6665-0@dCNY25.00
100    @a20150811d2015 km y0chiy0120 ea
101 0  @achi
102    @aCN@b110000
200 1  @a档案修裱技术@Adang an xiu biao ji shu@f国家档案局组织@Fguo jia dang an ju zu zhi
210    @a北京@c中国文史出版社@d2015.08
215    @a154页@d20cm
300    @a含光盘
330    @a档案修复
606 0  @a档案学
606 0  @a档案工作
690    @aG272.4@v4
711 02 @a国家档案局@Aguo jia dang an ju@4组织
801  0 @aCN@b大连网信软件有限公司图书馆·11@c20161207
905    @aZUCC@dG272.4@e78
    
    档案修裱技术/国家档案局组织.-北京:中国文史出版社,2015.08
    154页;20cm
    含光盘
    
    ISBN 7-5034-6665-0:CNY25.00
    档案修复
●
相关链接 在E读中查询图书 在五车中查询图书 在当当中查询图书 在豆瓣中查询图书


正题名:档案修裱技术     索取号:G272.4/78         预约/预借

序号 登录号 条形码 馆藏地/架位号 状态 备注
1 912758   209127586   第一样本阅览室/ [索取号:G272.4/78] 在馆    
2 912759   209127595   第四借阅区/ [索取号:G272.4/78] 在馆    
3 912760   209127602   第四借阅区/ [索取号:G272.4/78] 在馆    
4 912761   209127611   第四借阅区/ [索取号:G272.4/78] 在馆    
唐山师范学院图书馆 欢迎您!
大连网信软件有限公司© 版权所有